000 00248nam a2200109Ia 4500
008 260210s9999 xx 000 0 und d
020 _a9788415123705
100 _aLinks
245 0 _aLatest Trends In Shop Design
260 _bLinks
942 _cBDES
999 _c14100
_d14100